Canzoni di Niky Savage - Statistics

Statistiche generali
  • Questo quiz è stato fatto 17 volte
    10 dall'ultimo reset
  • Il punteggio medio è 21 su 37
Statistiche sulle risposte
Album Anno Feat Risposta % Corretto
- 2023 Blssd BLA
100%
RAPPER 2025 Blssd BIMBO SELVAGGIO
83%
E' LA VIBE(VIBE) 2024 Blssd, Astro KIKI
83%
RAPPER 2025 Blssd PSYDUCK
83%
- 2022 22simba Spoiler
83%
RAPPER 2025 Blssd, 22simba SPOILER 2
83%
RAPPER 2025 Blssd, Artie 5ive STUPIDA
83%
E' LA (LOVE) 2024 Blssd, Silent Bob UFFA
83%
- 2023 Blssd WAO
83%
E' LA (LOVE) 2024 Blssd ZITELLA
83%
- 2024 - BUFU Freestyle
67%
E' (BANGER) 2024 Blssd FIUM FIUM
67%
E' (BANGER) 2024 Blssd, Paky NO EX
67%
RAPPER 2025 Don Joe RAPPER
67%
RAPPER 2025 Blssd, Lazza SLOT
67%
- 2023 - YAMAMAY
67%
RAPPER 2025 Blssd, Artie 5ive, Faneto BILLIONAIRE BOYS
50%
RAPPER 2025 Blssd, nayt COSE CHE NON POSSO DIRE
50%
- 2023 - FASHION
50%
E' (BANGER) 2024 Blssd Gx5
50%
RAPPER 2025 Blssd, Rhove MBAPPE HAMSIK
50%
RAPPER 2025 Blssd PIENO DI PARE
50%
RAPPER 2025 Blssd, Jamil RAGAZZO NEL CHILL
50%
E' LA VIBE(VIBE) 2024 Blssd, Diss Gacha SENZA FARE POP
50%
- 2024 Simba La Rue TEKKEN
50%
- 2024 Blssd WARANZA
50%
- 2022 Blssd Alaska
33%
- 2022 Blssd Bahoa
33%
- 2025 Blssd COLPA MIA
33%
- 2022 Blssd My Baby
33%
RAPPER 2025 Blssd SOLDI NELLE BORSE
33%
E' LA (LOVE) 2024 Blssd TE LA COMPRO NUOWA
33%
- 2021 Blssd Trust No One
33%
E' LA VIBE(VIBE) 2024 Blssd WABBUO
33%
- 2022 Blssd Wawa
33%
RAPPER 2025 Nko BAAAD
17%
RAPPER 2025 Blssd FREDDO SULLE SCALE
17%
Nessun quiz corrispondente trovato
Distribuzione punteggi
Percentuale di utenti per punteggio
Percentile per numero di risposta
I tuoi punteggi nel tempo
Non hai fatto questo quiz dall'ultimo reset